| 000 | 00773nam a2200229Ia 4500 | ||
|---|---|---|---|
| 005 | 20250508170008.0 | ||
| 008 | 008 250505s9999 xx 000 0 eng d | ||
| 020 | _a978-93-528-0612-6 | ||
| 037 | _aReference | ||
| 040 |
_aFEDL _beng _cFEDL |
||
| 041 |
_aeng _2eng |
||
| 084 |
_a378.1, SAH/RR _qFEDL |
||
| 100 |
_aSahin Muhammed _9782637 |
||
| 245 | 0 | _aFlipped approach to higher education: Designing universities for today's knowledge economics and societies | |
| 260 |
_aBingley, UK _bEmerald Group Publishing Limited _c2016 |
||
| 300 | _axxiv, 229p. | ||
| 365 |
_aGBP _b67.99 |
||
| 490 | _aInnovation, Technology and education for Growth | ||
| 700 |
_a Kurban Caroline Fell _9782638 |
||
| 942 |
_cREF _h378.1, SAH/RR |
||
| 999 |
_c1398589 _d1398589 |
||